| 000 | 00669cam a2200241 4500 | ||
|---|---|---|---|
| 001 | 3812 | ||
| 003 | BD-RjUL | ||
| 005 | 20211208233803.0 | ||
| 008 | 160727s1973 ii b 001 0 eng d | ||
| 035 | _a(BD-RjUL)3846 | ||
| 040 |
_aDLC _cDLC _dBD-RjUL _beng |
||
| 041 | _aeng | ||
| 082 |
_a338.9 _bDAP 1973 |
||
| 100 | 1 |
_aDatta, Amlan, _d1924- _911696 |
|
| 245 | 1 | 0 |
_aPerspectives of economic development / _c Amlan Datta. |
| 260 |
_aMadras : _bMacmillan India, _cc1973 |
||
| 300 |
_aix, 246 p. ; _c21 cm. |
||
| 350 | _aRs25.00 | ||
| 504 | _aIncludes bibliographical references. | ||
| 650 | 0 |
_aEconomic development. _912138 |
|
| 942 |
_2ddc _cBK |
||
| 999 |
_c3812 _d3812 |
||